[Event "USA-op"]
[Site "Chicago"]
[Date "1994.??.??"]
[Round "5"]
[White "Denker, Arnold S"]
[Black "Byrne, Robert E"]
[Result "0-1"]
[WhiteElo "2260"]
[BlackElo "2445"]

1.Nf3 Nf6 2.c4 g6 3.g3 Bg7 4.Bg2 O-O 5.O-O d6 6.d4 Nc6 7.Nc3 Rb8 8.d5 Na5
9.b3 c5 10.Bd2 a6 11.Qe1 b5 12.Nxb5 Nxc4 13.bxc4 axb5 14.cxb5 Rxb5 15.a4 Rb8
16.Ba5 Qd7 17.Nd2 Ba6 18.Qd1 e6 19.dxe6 Qxe6 20.Re1 d5 21.Qc2 Nd7 22.Rab1 d4
23.Ne4 c4 24.Bb4 Rfe8 25.e3 d3 26.Qd2 Bb7 27.Nd6 Bxg2 28.Nxe8 Bf3 29.Nxg7 Qh3  0-1

[Event "USA-op"]
[Site "Chicago"]
[Date "1994.??.??"]
[Round "8"]
[White "Pelts, Peter"]
[Black "Brooks, Michael A"]
[Result "1/2-1/2"]
[WhiteElo "2280"]
[BlackElo "2450"]

1.Nf3 Nf6 2.c4 g6 3.g3 Bg7 4.Bg2 O-O 5.O-O d6 6.Nc3 e5 7.d3 Nc6 8.Bg5 h6
9.Bxf6 Bxf6 10.Rb1 Bg4 11.b4 Qd7 12.b5 Ne7 13.Nd5 Nxd5 14.cxd5 Rfb8 15.Qc2 a6
16.a4 b6 17.Rfc1 Bd8 18.Rb4 axb5 19.axb5 Ra5 20.Qc4 h5 21.Kf1 Rba8 22.Rcb1 Ra2
23.Qc1 R8a4 24.Rxa4 Rxa4 25.Ng1 Qe8 26.Bh3 Bxh3+ 27.Nxh3 e4 28.Qf4 Qd7 29.Kg2 Qg4
30.Qe3 Qf5 31.dxe4 Rxe4 32.Qd3 Qe5 33.e3 Ra4 34.Rc1 Rb4 35.Rc4 Qb2 36.Qe4 Rxc4  1/2-1/2

[Event "Bohemia"]
[Site "Chrudim"]
[Date "1994.??.??"]
[Round "3"]
[White "Voiska, Margarita"]
[Black "Krupkova, Petra"]
[Result "1-0"]
[WhiteElo "2325"]
[BlackElo "2235"]

1.Nf3 Nf6 2.c4 g6 3.g3 Bg7 4.Bg2 O-O 5.O-O d5 6.cxd5 Nxd5 7.Nc3 Nb6 8.d4 Nc6
9.d5 Na5 10.e4 c6 11.Bf4 cxd5 12.exd5 Nac4 13.Qe2 Nxb2 14.Qxb2 Na4 15.Nxa4 Bxb2
16.Nxb2 Qxd5 17.Rfc1 f6 18.Rc7 Qb5 19.Nc4 Rd8 20.Ncd2 Rd7 21.Rc3 e5 22.Be3 Rd8
23.Ne4 Qa6 24.Rc7 Bf5 25.Bf1 Qxf1+ 26.Rxf1 Bxe4 27.Nd2 Bc6 28.Rc1 Rd3 29.R1xc6 bxc6
30.Ne4  1-0

[Event "CZE-chT"]
[Site "?"]
[Date "1994.??.??"]
[Round "?"]
[White "Neckar, Lubomir"]
[Black "Pribyl, Josef"]
[Result "1/2-1/2"]
[WhiteElo "2360"]
[BlackElo "2395"]

1.Nf3 Nf6 2.c4 g6 3.g3 Bg7 4.Bg2 O-O 5.d4 d5 6.cxd5 Nxd5 7.O-O c5 8.dxc5 Na6
9.Ng5 Ndb4 10.Nc3 Nxc5 11.Be3 Nba6 12.Qc1 h6 13.Rd1 Qe8 14.Nge4 Nxe4 15.Bxe4 f5
16.Bg2 Kh7 17.Qd2 e5 18.Rac1 Rf7  1/2-1/2

[Event "Elgoibar"]
[Site "Elgoibar"]
[Date "1994.??.??"]
[Round "?"]
[White "Antunes, Antonio"]
[Black "Ubilava, Elizbar"]
[Result "1/2-1/2"]
[WhiteElo "2465"]
[BlackElo "2535"]

1.Nf3 Nf6 2.c4 g6 3.g3 Bg7 4.Bg2 O-O 5.O-O c6 6.d4 d6 7.h3 Ne4 8.Nbd2 d5
9.e3 Nxd2 10.Bxd2 dxc4 11.Qc2 Be6 12.Ng5 Bc8 13.Nf3 Be6 14.Ng5 Bc8  1/2-1/2

[Event "Elgoibar"]
[Site "Elgoibar"]
[Date "1994.??.??"]
[Round "?"]
[White "Antunes, Antonio"]
[Black "Strikovic, Aleksa"]
[Result "1/2-1/2"]
[WhiteElo "2465"]
[BlackElo "2495"]

1.Nf3 Nf6 2.c4 g6 3.g3 Bg7 4.Bg2 O-O 5.O-O d6 6.d4 Nbd7 7.Qc2 e5 8.Rd1 Re8
9.dxe5 dxe5 10.e4 c6 11.h3 Qe7 12.b3 Nc5 13.Nc3 Nfd7 14.Ba3 Qf6 15.Rab1 a5
16.Na4 Bf8 17.Bc1 Nxa4 18.bxa4 Nc5 19.Ne1 Ne6 20.Nd3 Nd4 21.Qb2 c5 22.Be3 Bd7
23.f4 exf4 24.Nxf4 Bg7 25.Nd5 Nf3+ 26.Bxf3 Qxf3 27.Qf2 Qxe4 28.Bh6 Bc6 29.Bxg7 Kxg7
30.Qb2+ Kh6 31.Qd2+ g5 32.Rf1 Re6 33.Rbe1 Qd4+ 34.Qxd4 cxd4 35.Rxe6+ fxe6
36.Rf6+ Kg7 37.Rxe6 Rf8 38.Kg2 Bxa4 39.Re4 Bc6 40.Rxd4 Rd8 41.Kf2 b5  1/2-1/2

[Event "Elgoibar"]
[Site "Elgoibar"]
[Date "1994.??.??"]
[Round "?"]
[White "Antunes, Antonio"]
[Black "Izeta Txabarri, Felix"]
[Result "1/2-1/2"]
[WhiteElo "2465"]
[BlackElo "2460"]

1.Nf3 Nf6 2.c4 g6 3.g3 Bg7 4.Bg2 O-O 5.O-O d6 6.d4 Nc6 7.Nc3 a6 8.d5 Na5
9.Nd2 c5 10.Qc2 Rb8 11.b3 b5 12.Bb2 bxc4 13.bxc4 Bh6 14.f4 e5 15.dxe6 Bxe6
16.Nd5 Bxd5 17.cxd5 Ng4 18.Nb3 Nxb3 19.axb3 Qb6 20.Qc3 f6 21.Bh3 Qxb3 22.Bxg4 Qxb2
23.Be6+ Kh8 24.Qxb2 Rxb2 25.Rxa6 Rd8 26.e3 f5 27.Rfa1 Bg7 28.Ra8 Rdb8 29.Rxb8+ Rxb8
30.Ra6 Bf8 31.h3 h5 32.Kf2 Rb2+ 33.Kf3 c4 34.Rc6 Rc2 35.g4 fxg4+ 36.hxg4 hxg4+
37.Kxg4 c3 38.f5 Rc1 39.Kf3 Kg7 40.Rc7+ Kf6 41.Rf7+ Kg5 42.Ke2 Bh6 43.Kd3 gxf5
44.Bxf5 Kh5 45.Rh7 Kg5 46.e4 Kh5 47.Rh8 Kg5 48.Rh7 Bf8 49.Rf7 Bh6 50.Rh7 Bf8
51.Rf7 Bh6  1/2-1/2

[Event "FRA-chT "]
[Site "FRA"]
[Date "1994.??.??"]
[Round "3"]
[White "Anic, Darko"]
[Black "Bruch, Ingo"]
[Result "1-0"]
[WhiteElo "2450"]
[BlackElo "2295"]

1.Nf3 Nf6 2.c4 g6 3.g3 Bg7 4.Bg2 O-O 5.O-O d6 6.d4 Nbd7 7.Nc3 e5 8.h3 c6
9.e4 Qb6 10.d5 Nc5 11.Re1 cxd5 12.cxd5 Bd7 13.Bf1 Rfc8 14.Nd2 Qd8 15.a4 Ne8
16.a5 f5 17.exf5 gxf5 18.Nc4 b5 19.axb6 axb6 20.Rxa8 Rxa8 21.Be3 e4 22.Bf4 Qc7
23.Ne3 b5 24.Nxb5 Qb6 25.Na3 Qxb2 26.Nac4 Qb8 27.Qh5 Qb4 28.Rd1 Nd3 29.Bh6 Rc8
30.Bxd3 exd3 31.Bxg7 Nxg7 32.Qh4 Ba4 33.Ra1 Bb5 34.Ra7 Bxc4 35.Qf6 Qe1+ 36.Kg2 Bxd5+
37.Nxd5 Qe4+ 38.Kh2  1-0

[Event "FRA-chT "]
[Site "FRA"]
[Date "1994.??.??"]
[Round "4"]
[White "Adrian, Claude"]
[Black "Schmitt, Andre"]
[Result "1/2-1/2"]
[WhiteElo "2260"]
[BlackElo "2325"]

1.c4 g6 2.Nf3 Nf6 3.g3 Bg7 4.Bg2 O-O 5.d4 d5 6.cxd5 Nxd5 7.O-O Nb6 8.Nc3 Nc6
9.d5 Na5 10.e4 c6 11.h3 cxd5 12.exd5 Nac4 13.Qe2 Re8 14.Rd1 Bd7 15.Nd4 Rc8
16.Bf4 Nd6 17.Rac1 Nf5 18.Be5 Bxe5 19.Qxe5 Nc4 20.Qe2 Ncd6 21.Nf3 Qb6 22.g4 Ng7
23.Ne5 Bb5 24.Qf3 Qa6 25.b3 f6 26.Nxb5 Qxb5 27.Nc4 Qd7 28.Qe3 b6 29.Qd4 Nxc4
30.Rxc4 Rxc4 31.Qxc4 Rc8 32.Qe4 Ne8 33.Re1 Rc7 34.h4 Nd6 35.Qf4 Kg7 36.g5 Qf5
37.Qe3 fxg5 38.hxg5 Qf7 39.Qe5+ Kf8 40.Bh3 Qg7 41.Qf4+ Qf7 42.Qe5 Qg7 43.Qf4+ Qf7  1/2-1/2

[Event "Peer Gynt"]
[Site "Gausdal"]
[Date "1994.??.??"]
[Round "1"]
[White "Hagesaether, Paal Vegard"]
[Black "Hoi, Carsten"]
[Result "1/2-1/2"]
[WhiteElo "2130"]
[BlackElo "2430"]

1.c4 Nf6 2.g3 g6 3.Bg2 Bg7 4.Nf3 O-O 5.O-O d6 6.Nc3 e5 7.d3 Nc6 8.Rb1 a5
9.a3 Re8 10.Bg5 h6 11.Bxf6 Qxf6 12.b4 axb4 13.axb4 Qd8 14.b5 Ne7 15.Qc2 f5
16.Nd2 h5 17.Nd5 Nxd5 18.cxd5 Bd7 19.b6 cxb6 20.Nc4 Ba4 21.Qd2 b5 22.Na3 Qa5
23.Qxa5 Rxa5 24.Rfc1 Kf7 25.e4 Bh6 26.Rc7+ Re7 27.Rc8 Re8 28.Rc7+ Re7 29.Rc8 f4
30.Bh3 f3 31.Be6+ Kg7 32.h4 Ra6 33.Nxb5 Bxb5 34.Rxb5 Ra1+ 35.Kh2 Ra2 36.Kg1 Ra1+
37.Kh2 Ra2 38.Kg1 Ra1+  1/2-1/2

[Event "Peer Gynt"]
[Site "Gausdal"]
[Date "1994.??.??"]
[Round "8"]
[White "Hagesaether, Paal Vegard"]
[Black "Kraidman, Yair"]
[Result "1-0"]
[WhiteElo "2130"]
[BlackElo "2370"]

1.c4 Nf6 2.g3 g6 3.Bg2 Bg7 4.Nf3 O-O 5.O-O d6 6.Nc3 Nc6 7.d3 e5 8.Rb1 Bf5
9.e4 Bg4 10.h3 Bxf3 11.Qxf3 Nd4 12.Qd1 a5 13.Be3 Nd7 14.Qd2 Nc5 15.f4 c6
16.f5 f6 17.h4 Kf7 18.Rf2 Rg8 19.Kh2 gxf5 20.exf5 Bf8 21.Bxd4 exd4 22.Ne2 Nd7
23.Nxd4 Qb6 24.Ne6 Ne5 25.Bf3 Bh6 26.Bh5+ Ke7 27.c5 Bxd2 28.cxb6 Bh6 29.Re2 Kd7
30.Nc7 Raf8 31.d4 Nc4 32.Rbe1 Rh8 33.Ne8 c5 34.Re7+ Kc6 35.Bf3+ Kb5 36.b3 Nd2
37.Nxd6+ Kb4 38.Bxb7 cxd4 39.Bg2 Be3 40.b7 Rhg8 41.R1xe3 dxe3 42.Rxe3 Rd8
43.Rd3 Nb1 44.Rd4+ Kc5 45.Nc8 Kxd4 46.b8=Q Kc3 47.Qc7+ Kb2 48.Nd6 Nc3 49.Nc4+ Kxa2
50.Qxa5+ Kxb3 51.Ne3 Rb8 52.Nd1 Rgc8 53.Nxc3 Rxc3 54.Bd5+ Kc2 55.Qa4+ Kc1
56.Kh3 h5 57.Bf7 Rb7 58.Qa1+ Kd2 59.Bxh5 Rbb3 60.Qd1+ Ke3 61.Bf7 Ra3 62.h5 Rd3
63.Qe1+  1-0

[Event "Geneve op"]
[Site "Geneve"]
[Date "1994.??.??"]
[Round "7"]
[White "Cvitan, Ognjen"]
[Black "Gerber, Richard"]
[Result "1-0"]
[WhiteElo "2570"]
[BlackElo "2355"]

1.Nf3 Nf6 2.c4 g6 3.g3 Bg7 4.Bg2 O-O 5.O-O d6 6.d4 Nbd7 7.Nc3 e5 8.e4 c6
9.h3 Re8 10.Be3 exd4 11.Nxd4 Nc5 12.Qc2 a5 13.Rad1 Qe7 14.Rfe1 h6 15.b3 Bd7
16.f3 Rad8 17.Bf2 Bc8 18.a3 Qc7 19.f4 Re7 20.Qb1 Rde8 21.b4 axb4 22.axb4 Ne6
23.Nde2 h5 24.Qd3 h4 25.g4 Nh7 26.g5 f6 27.gxf6 Bxf6 28.c5 dxc5 29.e5 Bg7
30.Qxg6 cxb4 31.Ne4 Nxf4 32.Nxf4 Rxe5 33.Nh5 R8e7 34.Nef6+ Nxf6 35.Nxf6+ Kf8
36.Rxe5 Rxe5 37.Bc5+ Rxc5 38.Qe8+  1-0

[Event "Oberliga SuedW 9394"]
[Site "GER"]
[Date "1994.??.??"]
[Round "?"]
[White "Sandmeier, Toni"]
[Black "Werner, Dimo"]
[Result "0-1"]
[WhiteElo "2240"]
[BlackElo "2375"]

1.c4 g6 2.Nf3 Bg7 3.g3 Nf6 4.Bg2 O-O 5.O-O d6 6.Nc3 e5 7.d3 h6 8.Bd2 Re8
9.Ne1 c6 10.e4 Bg4 11.Qc1 Kh7 12.f4 exf4 13.Rxf4 Be6 14.Nc2 Nbd7 15.Kh1 Ne5
16.Ne1 d5 17.cxd5 cxd5 18.Rh4 Nfg4 19.exd5 Nf2+ 20.Kg1 Nfxd3 21.Bxh6 Qxh4
22.gxh4 Nxc1 23.Bxg7 Kxg7 24.dxe6 Ned3 25.Nxd3 Nxd3 26.exf7 Re7 27.Bd5 Ne5
28.Ne4 Rd8 29.Rf1 Nxf7 30.Bb3 Rd4 31.Nc5 Rg4+ 32.Kh1 Rxh4 33.Ne6+ Kh6 34.Nf8 Ne5
35.Ne6 Rf7 36.Rxf7 Nxf7 37.Nc5 Nd6  0-1

[Event "Oberliga SuedW 9394"]
[Site "GER"]
[Date "1994.??.??"]
[Round "?"]
[White "Schulz, Klaus Juergen"]
[Black "Koerholz, Ludger"]
[Result "0-1"]
[WhiteElo "2415"]
[BlackElo "2295"]

1.Nf3 Nf6 2.c4 g6 3.g3 Bg7 4.Bg2 O-O 5.O-O c5 6.d4 d6 7.dxc5 dxc5 8.Qxd8 Rxd8
9.Ne5 Nfd7 10.Nd3 Nc6 11.Nc3 Bxc3 12.bxc3 Na5 13.Bg5 Re8 14.Rab1 Rb8 15.Rfd1 Nxc4
16.Rb5 Nd6 17.Ra5 b6 18.Rxa7 Nb5 19.Ra8 Nxc3 20.Rd2 Rxa8 21.Bxa8 Nf6 22.Ne5 Be6
23.Bc6 Rc8 24.Bb7 Rb8 25.Bh6 Nxe2+ 26.Kf1  0-1

[Event "Baden-NRW"]
[Site "Germany"]
[Date "1994.??.??"]
[Round "?"]
[White "Libeau, Rene"]
[Black "Schmaltz, Roland"]
[Result "1/2-1/2"]
[WhiteElo "2445"]
[BlackElo "2445"]

1.Nf3 g6 2.c4 Bg7 3.g3 Nf6 4.Bg2 O-O 5.O-O d6 6.Nc3 e5 7.d3 h6 8.Rb1 a5 9.a3 Re8
10.Ne1 Nc6 11.b4 axb4 12.axb4 Ne7 13.e4 Nc6 14.Nc2 Be6 15.Bd2 Kh7 16.Ra1 Qd7
17.Nd5 Nd4 18.Nxd4 exd4 19.Nf4 c6 20.Qc2 Qe7 21.Qb2 Bd7 22.Rfe1 Ng4 23.Ra5 Ne5
24.Qc2 Bg4 25.Rf1 Rxa5 26.bxa5 Nf3+ 27.Kh1 Nxd2 28.Qxd2 h5 29.f3 Bc8 30.Bh3 Bxh3
31.Nxh3 Bh6 32.f4 Ra8 33.Rb1 Kg8 34.Kg2 d5 35.cxd5 cxd5 36.Nf2 dxe4 37.dxe4 Bg7
38.Rb5 Rc8 39.e5 Qd7 40.Rb4 Qd5+ 41.Kh3 Rd8 42.Qd3 Bf8 43.Rb6 Bc5 44.Ne4 Be7
45.Rb5 Qe6+ 46.Kg2 Rc8 47.Rxb7 Qa2+ 48.Kf3 Bd8 49.Qb3 Qxb3+ 50.Rxb3 Bxa5
51.Rb7 Rd8 52.e6 fxe6 53.Nf6+ Kf8 54.Nh7+  1/2-1/2

[Event "Hessen-Niedersachsen"]
[Site "Germany"]
[Date "1994.??.??"]
[Round "?"]
[White "Nagatz, Frank"]
[Black "Schnitzspan, Lothar"]
[Result "1/2-1/2"]
[WhiteElo "2250"]
[BlackElo "2305"]

1.Nf3 Nf6 2.c4 g6 3.g3 Bg7 4.Bg2 O-O 5.O-O c5 6.d4 cxd4 7.Nxd4 Nc6 8.Nc3 Qa5
9.Nb3 Qh5 10.e4 Qxd1 11.Rxd1 d6 12.c5 dxc5 13.Nxc5 e5 14.Bg5 Nd4 15.Nd5 Nxd5
16.exd5 Bg4 17.Rd2 b6 18.Nb3 Nf3+ 19.Bxf3 Bxf3 20.Be7 Rfb8  1/2-1/2

[Event "BL2-O9394"]
[Site "Germany"]
[Date "1994.??.??"]
[Round "?"]
[White "Heinz, Juergen"]
[Black "Kunze, Carlo"]
[Result "1/2-1/2"]
[WhiteElo "2270"]
[BlackElo "2335"]

1.Nf3 Nf6 2.c4 g6 3.g3 Bg7 4.Bg2 O-O 5.O-O d6 6.d4 Nbd7 7.b3 e5 8.dxe5 dxe5
9.Bb2 e4 10.Ng5 Re8 11.Nc3 h6 12.Nh3 c6 13.Qc2 Nc5 14.b4 Na6 15.a3 Bf5 16.e3 g5
17.Kh1 Qe7 18.Ng1 Rad8 19.Nge2 Bg6 20.Rad1 Nc7 21.Kg1 Rd3  1/2-1/2

[Event "BL2-O9394"]
[Site "Germany"]
[Date "1994.??.??"]
[Round "?"]
[White "Liebert, Heinz"]
[Black "Zude, Erik"]
[Result "1-0"]
[WhiteElo "2380"]
[BlackElo "2370"]

1.Nf3 Nf6 2.g3 g6 3.Bg2 Bg7 4.c4 O-O 5.O-O Nc6 6.Nc3 e5 7.d3 h6 8.Bd2 d6
9.Nd5 e4 10.Ne1 exd3 11.Nxd3 Ng4 12.Rc1 Nce5 13.Nxe5 Nxe5 14.Ba5 b6 15.Bc3 Bb7
16.f4 Nd7 17.Bxg7 Kxg7 18.Qd4+ Kh7 19.Rcd1 Bxd5 20.Bxd5 Rb8 21.Bc6 a5 22.e4 f6
23.a3 Qe7 24.b4 axb4 25.axb4 Rbd8 26.Qd5 Nb8 27.Bb5 Rc8 28.Qb7 Qf7 29.Ra1 c6
30.Ra7 Qxb7 31.Rxb7+ Kh8 32.Ba4 Rfe8 33.Bc2 b5 34.cxb5 d5 35.exd5 cxd5 36.Bxg6 Red8
37.Bf5 Rc4 38.Re1  1-0

[Event "Oberliga Nord W9394"]
[Site "Germany"]
[Date "1994.??.??"]
[Round "?"]
[White "Panzer, Peter"]
[Black "Blecken, Volker"]
[Result "1-0"]
[WhiteElo "2420"]
[BlackElo "2215"]

1.Nf3 Nf6 2.c4 g6 3.g3 Bg7 4.Bg2 O-O 5.O-O d6 6.Nc3 c5 7.d4 Nc6 8.dxc5 dxc5
9.Be3 Be6 10.Ng5 Qxd1 11.Rfxd1 Bxc4 12.Bxc5 h6 13.Nf3 Ba6 14.Nd4 Nxd4 15.Rxd4 Rfe8
16.Rad1 e6 17.Rd6 Rec8 18.Bd4 Nd5 19.Bxg7 Kxg7 20.Nxd5 exd5 21.Bxd5 Bxe2
22.Bxb7 Bxd1 23.Bxa8 Bg4 24.Be4 Rc7 25.Kg2 Kf8 26.Rd4 Be6 27.a3 Ke7 28.h4 g5
29.hxg5 hxg5 30.Kf3 Kf6 31.Ke3 Rc5 32.Rb4 Rc7 33.Rb7 Rxb7 34.Bxb7 Ke5 35.b4 f6
36.a4 Bd7 37.b5 Kd6 38.Kd4 Kc7 39.Bd5 Kb6 40.Bb3 Bf5 41.Kd5 Bc8 42.Kd6 f5
43.f4 gxf4 44.gxf4 Bb7 45.Ke5 Be4 46.Be6 Bc2 47.Bxf5 Bxa4 48.Bd3 Kc5 49.f5 Bb3
50.Be2 Ba2 51.Kf6 Kd4 52.Ke7 Ke3 53.Bh5 Kd4 54.f6 Kc5 55.Be2  1-0

[Event "NRW-Liga I 9394"]
[Site "Germany"]
[Date "1994.??.??"]
[Round "?"]
[White "Bachmann, Karlheinz"]
[Black "Matthias, Heiner"]
[Result "1-0"]
[WhiteElo "2325"]
[BlackElo "2320"]

1.c4 g6 2.g3 Bg7 3.Bg2 Nf6 4.Nf3 O-O 5.Nc3 d6 6.O-O Nbd7 7.d4 e5 8.Qc2 exd4
9.Nxd4 Re8 10.Rd1 c6 11.b3 Qa5 12.h3 Qh5 13.g4 Qa5 14.Rb1 Qb6 15.Na4 Qc7
16.Ba3 h5 17.g5 Nh7 18.Nf3 Nc5 19.Qd2 Bf5 20.Rbc1 Rad8 21.Nc3 Qe7 22.h4 f6
23.Nd4 Bc8 24.f4 fxg5 25.hxg5 h4 26.Bb2 Bg4 27.b4 h3 28.Bxc6 bxc6 29.Nxc6 Qc7
30.Nxd8 Rxd8 31.Nd5 Qb7 32.Bxg7 Ne6 33.Ba1 Rf8 34.Qc3 Nhxg5 35.fxg5 h2+ 36.Kh1 Bxe2
37.Qh8+ Kf7 38.Qh7+  1-0

[Event "BL2-W9394"]
[Site "Germany"]
[Date "1994.??.??"]
[Round "?"]
[White "Telljohann, Sven"]
[Black "Oswald, Hans Joachim"]
[Result "1/2-1/2"]
[WhiteElo "2385"]
[BlackElo "2325"]

1.Nf3 Nf6 2.c4 g6 3.g3 Bg7 4.Bg2 O-O 5.O-O Nc6 6.Nc3 d6 7.d3 e5 8.Bg5 h6
9.Bxf6 Bxf6 10.Rb1 Bg4 11.h3 Be6 12.b4 Qd7 13.Nd5 Bg7 14.b5 Nd8 15.Kh2 c6
16.bxc6 bxc6 17.Nd2 f5 18.Nb4 Rc8 19.Qa4 Rf7 20.Qa6 Rc7 21.Nb3 Qe8 22.Qa4 Bd7
23.Na6 Rc8 24.Na5 c5 25.Qa3 Bf8 26.Rb8 Kh7 27.Rfb1 h5 28.Nb7 Ne6 29.Na5 Nd8
30.Rxc8 Bxc8 31.Nb8 e4 32.dxe4 fxe4 33.Kg1 Bh6 34.e3 Qf8 35.Qb2 Bg7 36.Qc2 Bf5
37.Nbc6 Nxc6 38.Nxc6 Qe8 39.Na5 Qe6 40.Rd1 g5 41.Nb3 Bg6 42.Rd5 Kh6 43.Nd2 Re7
44.Qd1 Bf6 45.Qb1 Kg7 46.Qb8 Rd7 47.Qc8 Qe7 48.Nxe4 Rd8 49.Qc6 Be5 50.Rd1 Bxe4
51.Qxe4 Rb8 52.Rd2 Rb6 53.Bf1 h4 54.f4 Bf6 55.Qxe7+ Bxe7 56.g4 Bf6 57.Kf2 Rb2
58.Rxb2 Bxb2 59.Kf3 Kf6 60.Ke4 Bc1 61.Bd3 a5 62.Bc2 Bd2 63.fxg5+ Kxg5 64.Kd5 Bxe3
65.Kxd6 Kf4 66.g5 Kxg5 67.Kc6 Kf6 68.Kb6 Bd2 69.Kxc5 Ke7 70.Kb6 Kd8 71.c5 Be3  1/2-1/2

[Event "Landesliga N9495 Bayern"]
[Site "Germany"]
[Date "1994.??.??"]
[Round "2"]
[White "Dalinger, Valerie"]
[Black "Siepelt, Heiner"]
[Result "1/2-1/2"]
[WhiteElo "2210"]
[BlackElo "2390"]

1.Nf3 Nf6 2.c4 g6 3.g3 Bg7 4.Bg2 O-O 5.O-O d6 6.Nc3 c6 7.d4 Qa5 8.Bd2 Qh5
9.Re1 e5 10.dxe5 dxe5 11.Qc2 Re8 12.Ng5 h6 13.Nge4 Bh3 14.Nxf6+ Bxf6 15.Ne4 Bg7
16.Bf3 Qf5 17.Qc1 Rd8 18.Bxh6 Na6 19.Bxg7 Kxg7 20.Qe3 Rd4 21.Rad1 Rad8 22.Qb3 b6
23.Rxd4 Rxd4 24.Nc3 Nc5 25.Qa3 Rxc4 26.Bxc6 Nd3 27.exd3 Rxc6 28.Re3 Qd7 29.Qb4 Rd6
30.Qh4 Rd4 31.Ne4 Rxd3 32.Rxd3 Qxd3 33.Qxh3 Qxe4 34.Qf1 Qd4 35.Qe2 a5  1/2-1/2

[Event "Graz-ch"]
[Site "Graz"]
[Date "1994.??.??"]
[Round "9"]
[White "Mallner, W."]
[Black "Rothaler, A."]
[Result "1/2-1/2"]
[WhiteElo "2020"]
[BlackElo "1975"]

1.Nf3 Nf6 2.c4 g6 3.g3 Bg7 4.Bg2 O-O 5.O-O d6 6.d4 Nbd7 7.Bf4 c5 8.e3 Nh5
9.Nc3 Nxf4 10.exf4 Rb8 11.Re1 e6 12.Nb5 Nb6 13.Qb3 cxd4 14.Nbxd4 d5 15.c5 Nc4
16.Nc6 Na5 17.Nxd8 Nxb3 18.axb3 Rxd8 19.Rxa7 Bxb2 20.Ng5 Bd7 21.Rb1 Bd4 22.b4 Be8
23.Nf3 Bc3 24.Rb3 Bg7 25.Ne5 Rdc8 26.Bf1 Kf8 27.Rc3 g5 28.Bd3 Kg8 29.Bc2 g4
30.Bd3 h5 31.Rca3 f6 32.Ng6 Bf8 33.h3 f5 34.Ne5 Bg7 35.hxg4 hxg4 36.Ra1 Bxe5
37.fxe5 Kg7 38.R1a6 Kf7 39.Rb6 Rc7 40.Ba6  1/2-1/2

[Event "Groningen op"]
[Site "Groningen"]
[Date "1994.??.??"]
[Round "11"]
[White "Schmittdiel, Eckhard"]
[Black "Douven, Rudy C"]
[Result "0-1"]
[WhiteElo "2495"]
[BlackElo "2400"]

1.Nf3 Nf6 2.c4 g6 3.g3 Bg7 4.Bg2 O-O 5.O-O d5 6.cxd5 Nxd5 7.d4 Nb6 8.Nc3 Nc6
9.d5 Na5 10.e4 c6 11.Nd4 e6 12.Nb3 Nac4 13.dxe6 Bxe6 14.Qc2 Qe7 15.f4 Rad8
16.f5 Bc8 17.Qf2 Be5 18.Bh6 Rfe8 19.Rac1 a5 20.Kh1 a4 21.Nxa4 Nxa4 22.Rxc4 Nxb2
23.Rc2 Nd3 24.Qe3 Bf6 25.g4 Nb4 26.Rcf2 g5 27.h4 Rd3 28.Qb6 Na6 29.e5 Qxe5
30.Bxg5 Bd8 31.Bxd8 Rexd8 32.Rf3 Nc7 33.Qf2 Rxf3 34.Qxf3 Nd5 35.Qd3 Qe3 36.Rd1 Qf2
37.Qh3 Re8 38.Nd2 Nf4 39.Qh2 Nxg2 40.Qxg2 Qxh4+ 41.Kg1 Re1+ 42.Rxe1 Qxe1+
43.Nf1 Bd7 44.Qf3 Be8 45.Qf4 f6 46.Qh6 Qe5 47.Qd2 Bf7 48.Qd8+ Kg7 49.Qb6 Qe4
50.Qxb7 Qxg4+ 51.Kh2 Qxf5 52.Ng3 Qd5 53.a3 Qa2+ 54.Kg1 Qd5 55.a4 h5 56.Qe7 Qf3
57.Ne4 Kg6 58.a5 h4 59.a6 Bd5 60.a7 Qe3+ 61.Kf1 Bxe4 62.Qe8+ Kg5 63.Qxe4 Qxe4
64.a8=Q h3 65.Kf2 h2 66.Qg8+ Qg6 67.Qh8 Qf5+ 68.Ke3 Qf4+ 69.Ke2 Qe4+ 70.Kd2 Qd5+
71.Ke3 h1=Q 72.Qg7+ Kf5  0-1

[Event "Hania op"]
[Site "Hania"]
[Date "1994.??.??"]
[Round "2"]
[White "Delchev, Aleksander"]
[Black "Skiadas, Charilaos"]
[Result "1-0"]
[WhiteElo "2490"]
[BlackElo "2215"]

1.Nf3 Nf6 2.c4 g6 3.g3 Bg7 4.Bg2 O-O 5.O-O d6 6.d4 Nbd7 7.Qc2 e5 8.Rd1 Re8
9.dxe5 dxe5 10.e4 Qe7 11.h3 Nc5 12.Nc3 c6 13.b4 Ne6 14.Rb1 Nd7 15.Be3 g5
16.Qc1 Bf6 17.c5 h5 18.Nd5 cxd5 19.exd5 g4 20.hxg4 hxg4 21.dxe6 gxf3 22.exd7 Bxd7
23.Bxf3 Bf5 24.Rb3 e4 25.Be2 Kg7 26.Bd4 Bxd4 27.Rxd4 Rad8 28.Qb2 f6 29.Rxd8 Rxd8
30.g4 Bg6 31.g5 Qe5 32.Qxe5 fxe5 33.Ra3 a6 34.c6 bxc6 35.Rxa6 Rd2 36.Bc4 Rd1+
37.Kh2 Bh5 38.Ra5 Rd4 39.Bb3 e3 40.fxe3 Re4 41.Ra7+ Kf8 42.Rh7 Be8 43.Rh8+ Ke7
44.Rh6 Rxe3 45.Re6+ Kd7 46.Rf6 Ke7 47.Kg2 Re4 48.Kf3 Rxb4 49.Re6+ Kd7 50.Rxe5 Bh5+
51.Ke3 Bg6 52.Kd2 Rg4 53.Be6+ Kd6 54.Bxg4 Kxe5 55.a4 Bf7 56.a5 Bc4 57.Be2 Bd5
58.a6 c5 59.a7  1-0

[Event "Hania op"]
[Site "Hania"]
[Date "1994.??.??"]
[Round "5"]
[White "Skiadas, Charilaos"]
[Black "Atalik, Suat"]
[Result "0-1"]
[WhiteElo "2215"]
[BlackElo "2535"]

1.Nf3 Nf6 2.g3 g6 3.Bg2 Bg7 4.c4 O-O 5.Nc3 d6 6.d4 c6 7.O-O Qa5 8.e4 Bg4
9.h3 Bxf3 10.Bxf3 Nfd7 11.Be3 a6 12.a4 c5 13.Ra3 cxd4 14.Bxd4 Bxd4 15.Qxd4 Nc6
16.Qe3 Rfd8 17.Be2 e6 18.Rd1 Qb4 19.Qd2 Nf6 20.Nd5 exd5 21.exd5 Qxd2  0-1

[Event "Harkany op"]
[Site "Harkany"]
[Date "1994.??.??"]
[Round "4"]
[White "Loginov, Valery A"]
[Black "Horvath, Peter"]
[Result "1-0"]
[WhiteElo "2610"]
[BlackElo "2390"]

1.Nf3 Nf6 2.g3 g6 3.c4 Bg7 4.Bg2 O-O 5.d4 d6 6.O-O Nc6 7.Nc3 a6 8.Bd2 Rb8
9.Rc1 e5 10.d5 Ne7 11.e4 Nd7 12.b4 h6 13.Ne1 f5 14.exf5 gxf5 15.Nd3 Ng6 16.f4 Nf6
17.Kh1 e4 18.Nf2 h5 19.h3 Kf7 20.Be3 Rh8 21.c5 Bd7 22.a4 Qe7 23.Qe2 Rbe8
24.c6 bxc6 25.dxc6 Bc8 26.Rfd1 h4 27.g4 Qe6 28.Ncxe4 Kf8 29.gxf5 Qxf5 30.Nxf6 Bxf6
31.Qf3 Be6 32.Bd4 Bxd4 33.Rxd4 Rh7 34.Ng4 Qf7 35.f5 Bxf5 36.Re1 Rh5 37.Nf6 Qxf6
38.Qxh5 Re5 39.Rd2 Kg7 40.Rf2 Ne7 41.Rf4  1-0

[Event "Harkany op"]
[Site "Harkany"]
[Date "1994.??.??"]
[Round "4"]
[White "Kustar, Sandor"]
[Black "Kahn, Evarth"]
[Result "1-0"]
[WhiteElo "2420"]
[BlackElo "2320"]

1.Nf3 Nf6 2.c4 g6 3.g3 Bg7 4.Bg2 O-O 5.d4 d6 6.Nc3 Nbd7 7.O-O e5 8.h3 c6
9.e4 Qb6 10.Re1 exd4 11.Nxd4 Re8 12.Nc2 Nc5 13.b4 Ne6 14.Be3 Qc7 15.Qd2 a5
16.a3 Nd7 17.f4 axb4 18.axb4 Rxa1 19.Nxa1 Nb6 20.Qd3 f5 21.exf5 gxf5 22.Bf2 Bd7
23.Nb3 Ra8 24.c5 Nc8 25.Nd4 Nf8 26.Nd1 Ra4 27.Qb3+  1-0

[Event "Harkany op"]
[Site "Harkany"]
[Date "1994.??.??"]
[Round "7"]
[White "Loginov, Valery A"]
[Black "Ruck, Robert"]
[Result "1/2-1/2"]
[WhiteElo "2610"]
[BlackElo "2435"]

1.Nf3 Nf6 2.g3 g6 3.c4 Bg7 4.Bg2 O-O 5.d4 c6 6.O-O d5 7.Qb3 Qb6 8.Nc3 Bf5
9.h3 Rd8 10.Bf4 dxc4 11.Qxc4 Nd5 12.Ng5 Qxd4 13.Qb3 Qb6 14.Nxd5 Qxb3 15.Nxe7+ Kf8
16.Nxg6+ hxg6 17.axb3 Bxb2 18.Ra2 Bd4 19.g4 Bc8 20.b4 Bb6 21.Ra3 Na6 22.Rxa6 bxa6
23.Bxc6 Bd7 24.Bd6+ Kg7 25.Bxa8 Rxa8 26.Be5+ Kf8 27.Rd1 Bb5 28.e3 Rc8 29.Nh7+ Ke7
30.Bd6+ Ke6 31.Ng5+ Kf6 32.Ne4+ Ke6 33.Bc5 Rc6 34.Ng5+ Kf6 35.Ne4+ Ke6 36.f4 f6
37.Kf2 a5 38.Kf3 axb4 39.Bxb4 Bc4 40.Bc3 f5 41.Ng5+ Ke7 42.gxf5 gxf5 43.e4 fxe4+
44.Nxe4 Bb3 45.Rd2 a5 46.f5 Bc7 47.Bb2 a4 48.Ba3+ Ke8 49.Bc5 Ra6 50.Ba3 Rc6
51.Bc5 Ra6 52.Rd3 Bc2 53.Re3 Kf7 54.Kg4 Bxe4 55.Rxe4 a3 56.Re7+ Kf6 57.Rxc7 Ra4+
58.Kh5 a2 59.Bf8 a1=Q 60.Bg7+ Kxf5 61.Bxa1 Rxa1 62.h4 Kf6 63.Kh6 Ra8 64.Kh7 Ra5
65.Rc6+ Kf7 66.Kh6 Ra8  1/2-1/2

[Event "Harkany op"]
[Site "Harkany"]
[Date "1994.??.??"]
[Round "9"]
[White "Loginov, Valery A"]
[Black "Sale, Srdjan"]
[Result "0-1"]
[WhiteElo "2610"]
[BlackElo "2405"]

1.Nf3 Nf6 2.g3 g6 3.c4 Bg7 4.Bg2 O-O 5.O-O d6 6.d4 Nbd7 7.Qc2 e5 8.Rd1 Qe7
9.Nc3 c6 10.b3 Re8 11.e4 exd4 12.Nxd4 Nc5 13.f3 a5 14.Be3 h5 15.h3 Nh7 16.Re1 h4
17.g4 g5 18.Rad1 Be5 19.Nce2 Qf6 20.Qd2 Qg7 21.Kh1 Kh8 22.a3 a4 23.b4 Nb3
24.Qc2 Nxd4 25.Nxd4 Qf6 26.Re2 Rg8 27.c5 dxc5 28.Qxc5 Nf8 29.b5 Ne6 30.Nxe6 Bxe6
31.bxc6 bxc6 32.Red2 Rab8 33.Bd4 Bxd4 34.Rxd4 Rgd8 35.e5 Rxd4 36.Rxd4 Qg6
37.Qxc6 Qb1+ 38.Kh2 Qe1 39.Qe4 Qg3+ 40.Kh1 Rb2 41.f4 gxf4 42.Rd1 Kg7 43.Rf1 Rd2
44.Qf3 Qxf3 45.Bxf3 Rd3 46.Bc6 Rxa3 47.Rxf4 Ra1+  0-1

[Event "Havana op"]
[Site "Havana"]
[Date "1994.??.??"]
[Round "2"]
[White "Antunes, Antonio"]
[Black "De la Paz, Frank"]
[Result "1-0"]
[WhiteElo "2465"]
[BlackElo "2250"]

1.Nf3 Nf6 2.c4 g6 3.g3 Bg7 4.Bg2 O-O 5.O-O c5 6.d4 d6 7.Nc3 Nc6 8.d5 Na5
9.Nd2 a6 10.Qc2 Rb8 11.b3 b5 12.Bb2 bxc4 13.bxc4 Bh6 14.f4 e5 15.dxe6 Bxe6
16.Nd5 Rxb2 17.Qxb2 Bg7 18.Qc1 Ng4 19.Rb1 Bxd5 20.Bxd5 Ne3 21.Qa3 Re8 22.Qd3 Nxf1
23.Nxf1 Qe7 24.e3 Qc7 25.a3 Nc6 26.Kg2 Rb8 27.Rxb8+ Nxb8 28.Nd2 Nd7 29.Ne4 h6
30.Nxd6  1-0